Sports Quiz

Random Sports or Baseball Quiz

Boston Red Sox: Big and Small Quiz Stats

Quiz not verified by Sporcle

Challenge
Share
Tweet
Embed
Score 0/44 Timer 10:00
0 Plays Today
Attribute Player % Correct
HeaviestDavid Ortiz, Jason Varitek, and Derek Lowe
92.1%
HeaviestDavid Ortiz, Jason Varitek, and Hanley Ramirez
91.7%
ShortestDustin Pedroia
86.9%
ShortestDustin Pedroia
86.9%
ShortestDustin Pedroia
86.9%
ShortestDustin Pedroia
86.9%
ShortestDustin Pedroia, Willie Harris, and Mike Holtz
85.6%
SkinniestDustin Pedroia and Josh Reddick
85.6%
TallestDerek Lowe
60.3%
TallestDerek Lowe
60.3%
TallestDerek Lowe
60.3%
TallestDerek Lowe and Ryan Rupe
59.4%
HeaviestJon Lester, Eric Gagne, and Brendan Donnelly
34.5%
HeaviestRyan Rupe
31.4%
HeaviestRich Garces
30.1%
HeaviestRich Garces
30.1%
Tallest John Lackey
29.7%
HeaviestJohn Lackey
29.7%
HeaviestCorky Miller
16.6%
TallestJustin Masterson and Dustin Richardson
12.7%
HeaviestJustin Masterson and Hunter Jones
12.7%
ShortestRickey Henderson, Lou Merloni, Rey Sanchez, and Bry Nelson
12.2%
Attribute Player % Correct
HeaviestJustin Masterson
12.2%
SkinniestJose Offerman
11.4%
SkinniestJose Offerman and Manny Alexander
11.4%
SkinniestJose Offerman
11.4%
TallestTony Clark
9.2%
ShortestCraig Grebeck
5.2%
ShortestByung-Hyun Kim
5.2%
ShortestByung-Hyun Kim
5.2%
ShortestDonnie Sadler
4.8%
Tallest Kyle Snyder
4.4%
TallestKyle Snyder
4.4%
TallestKyle Snyder
4.4%
SkinniestJulian Tavarez
2.6%
HeaviestCalvin Pickering
2.6%
SkinniestJulian Tavarez
2.6%
SkinniestJulian Tavarez
2.6%
SkinniestRamiro Mendoza
2.2%
SkinniestRamiro Mendoza
2.2%
TallestCraig Hansen
1.7%
ShortestChad Harville
0.9%
SkinniestGil Velazquez
0.4%
SkinniestRoberto Petagine
0.4%

You're not logged in!

Compare scores with friends on all Sporcle quizzes.
Sign Up with Email
OR
Log In

You Might Also Like...

Show Comments

Extras

Top Quizzes Today


Score Distribution

Your Account Isn't Verified!

In order to create a playlist on Sporcle, you need to verify the email address you used during registration. Go to your Sporcle Settings to finish the process.